The Story of Easter (Record no. 11777)

MARC details
000 -LEADER
fixed length control field 00268nam a22000977a 4500
008 - FIXED-LENGTH DATA ELEMENTS--GENERAL INFORMATION
fixed length control field 200215b ||||| |||| 00| 0 eng d
020 ## - INTERNATIONAL STANDARD BOOK NUMBER
International Standard Book Number 97809837818399
100 ## - MAIN ENTRY--PERSONAL NAME
Personal name Davidson Joyce Alice
9 (RLIN) 7461
245 ## - TITLE STATEMENT
Title The Story of Easter
260 ## - PUBLICATION, DISTRIBUTION, ETC. (IMPRINT)
Place of publication, distribution, etc. Norwalk
Name of publisher, distributor, etc. C.R.Gibson Company
Date of publication, distribution, etc. 1988
Holdings
Withdrawn status Lost status Source of classification or shelving scheme Damaged status Koha normalized classification for sorting Not for loan Home library Current library Shelving location Date acquired Total Checkouts Full call number Barcode Date last seen Price effective from Koha item type
    Dewey Decimal Classification   226_000000000000000_JUNLIB   Good Samaritan School Library Good Samaritan School Library FICTION 02/15/2020   226 JUNLIB DAV15832 02/15/2020 02/15/2020 BOOK

Powered by Koha